000 00802nam a22001937a 4500
005 20260330095412.0
008 260302s 1976sp || |gr|||| 001 0 spa d
020 _a84-206-1601-X
040 _aEC-QuCCB
082 _aAr863.64
_bB616
100 _aBioy Casares, Adolfo,
_d1914-1999
_91121
245 _aHistorias fantasticas
_cAdolfo Bioy Casares
260 _aMadrid, España :
_bAlianza Editorial,
_c1980
300 _a306 paginas ;
_c18 cm
505 _aEn memoria de Paulina -- la trama celeste -- el perjurio de la nieve -- historia prodigiosa -- la sierva ajena -- moscas y arañas -- el lado de la sombra -- un leo en el bosque de Palermo -- el calamar opta por su tinta -- los afanes -- el gran serafín ...
650 4 _aLiteratura argentina
650 4 _aNovela argentina
942 _cBK
999 _c83541
_d83541